000 00930naa a22002777a 4500
001 BR8302218
003 BR-BrBNA
005 20240918175233.0
007 ta
008 230509b bl.||||| |||| 00| 0 por d
040 _aBR-BrBNA
_bpor
_cBiblioteca Nacional de Agricultura
041 _a(Pt)
072 _aF25
_b3830
_bG514
090 _aF25 BR8302218
100 1 _aMuzilli, O.
245 1 _aAdubacao fosfatada - importancia e pratica [fosforo, solo, Parana, Brasil]
260 3 _aLondrina, PR (Brasil):
_c1983.
500 _aCurso de atualizacao em fertilidade do solo Londrina, PR (Brasil): 1983. p. 175-195 (BR8302218-AM)F25
650 _aFERTILIZANTE FOSFATADO
650 _aANALISE DO SOLO
650 _aSOLO
650 _aPARANA
773 0 _tCurso de atualizacao em fertilidade do solo
_wF25 BR8302218
_gLondrina, PR (Brasil), 1983. p. 175-195
909 _a202404
_bLucia
_c55
_dLucia Elande
942 _cAM
_2AGRIS
999 _c315810
_d315810